00337nam a22001217a 450000500170000002000220001703500130003903700130005210000250006524500600009026000410015030000240019120120303120531.0 a0195641493c00.00 aA-896727 aDPLbENG aBose, Subhas Chandra aThe indian struggle 1920-1942 /cby Subhas Chandra Bose aDelhibOxford University Pressc1998 axii, 418p.c18 cms.